000
00266nam a2200097Ia 4500
008
190216s9999||||xx |||||||||||||| ||und||
100
_a
David Green
245
0
_a
Contemporary English Gramer Structure And Composition
260
_b
Mac Millian And Com. Ltd
942
_c
BK
999
_c
15183
_d
15183